En las trincheras del frente de Madrid / (Record no. 147803)

MARC details
000 -LEADER
campo de control de longitud fija 00556nam a2200181 i 4500
001 - NÚMERO DE CONTROL
campo de control 147803
003 - IDENTIFICADOR DE NÚMERO DE CONTROL
campo de control ES-MaACL
005 - FECHA Y HORA DE LA ÚLTIMA TRANSACCIÓN
campo de control 20230906202249.0
007 - CAMPO FIJO DE DESCRIPCIÓN FÍSICA--INFORMACIÓN GENERAL
campo de control de longitud fija t|
008 - DATOS DE LONGITUD FIJA--INFORMACIÓN GENERAL
campo de control de longitud fija 071005s1967 sp ||||1| spa d
080 ## - NÚMERO DE LA CLASIFICACIÓN DECIMAL UNIVERSAL
Número de la Clasificación Decimal Universal 946"1936/39"(093.32)
100 1# - ENTRADA PRINCIPAL--NOMBRE DE PERSONA
Nombre de persona Urra Lusarreta, Juan.
9 (RLIN) 112220
245 10 - MENCIÓN DEL TÍTULO
Título En las trincheras del frente de Madrid /
Mención de responsabilidad, etc. Juan Urra Lusarreta.
260 ## - PUBLICACIÓN, DISTRIBUCIÓN, ETC.
Lugar de publicación, distribución, etc. Madrid :
Nombre del editor, distribuidor, etc. Uriarte,
Fecha de publicación, distribución, etc. [1967]
300 ## - DESCRIPCIÓN FÍSICA
Extensión 335 p. ;
Dimensiones 22 cm.
651 #4 - PUNTO DE ACCESO ADICIONAL DE MATERIA--NOMBRE GEOGRÁFICO
Nombre geográfico Madrid-
Subdivisión general Historia-
Subdivisión cronológica 1936-1939-
Subdivisión de forma Relatos personales.
9 (RLIN) 144312
852 ## - LOCALIZACIÓN
Ubicación ES-MaACL
Número de control de estantería C-34061
Sublocalización o colección R.64935
Holdings
Estatus retirado Estado de pérdida Estado de daño No para préstamo Biblioteca de origen Biblioteca actual Ubicación en estantería Fecha de adquisición Fuente de adquisición Total de préstamos Signatura topográfica completa Código de barras Visto por última vez Precio de reemplazo Tipo de ítem Koha
        Biblioteca del Ateneo de Madrid Biblioteca del Ateneo de Madrid Depósito 2 17/01/2008     C-34061 1154248 23/02/2023 23/02/2023 Libro impreso